000
00335 a2200109 4500
001
ART_26206
005
20260410161937.0
008
260409a
245
1
0
_a
¿Qué tipo de normas éticas requiere la profesión contable?
100
1
_a
Romano Pastor, Juan Pablo
773
0
_t
SaberEs
_g
- Nº 3 (jun. 2011)
_w
REV26089
999
_c
29098
_d
29098